Caricamento...

Strategic financial management

Dettagli Bibliografici
Autore principale: Jakhotiya, Girish P
Natura: Printed Book
Pubblicazione: Vikas Publishing House Pvt .Ltd., New Delhi 2012
Edizione:2 Edition
Soggetti:
LEADER 00506nam a2200157 4500
082 |a 658.15 JAK-S2 
100 |a Jakhotiya, Girish P 
245 |a Strategic financial management  |c Jakhotiya, Girish P 
250 |a 2 Edition 
260 |a Vikas Publishing House Pvt .Ltd., New Delhi  |c 2012 
300 |a 619 p 
490
650 |a Financial Management 
942 |c BK 
999 |c 129620  |d 129620 
952 |0 0  |1 0  |4 0  |6 658_150000000000000_JAKS2  |7 0  |9 143082  |a COM  |b COM  |l 0  |o 658.15 JAK-S2  |p COM07118  |r 2019-10-24  |w 2019-10-24  |y BK